00922nam a2200241 i 450000100060000000300090000600500170001500700030003200800410003502000180007608000350009424500740012926000320020330000280023550000290026363000320029270000330032485200310035785200330038899900170042195201220043895201200056091378ES-MaACL20240228183009.0t|050128s1976 sp ||||1| spa d a84-85137-34-5 a330.85(05)Leviatán(464.1 M.)00aLeviatán b: antología / cselección y prólogo, Paul Preston. aMadrid : bTurner, c[1976] aXXIX, 349 p. ; c21 cm. aBiblioteca Juan Andrade.07aLeviatán (Madrid)91225590 aPreston, Paul,d1946-993797 aES-MaACLjA-6098 bR.95113 aES-MaACLjAND-368 bR.109672 c91378d91378 00104070aATENEOMbATENEOMcDEPO2d2008-01-17eSCl0oAND-368p1095402r2023-02-23 00:00:00w2023-02-23yMONOGRAFIA 00104070aATENEOMbATENEOMcSPP1d2008-01-17eSCl0oA-6098p1095401r2023-02-23 00:00:00w2023-02-23yMONOGRAFIA